000 00736 a2200205 4500
999 _c8117
_d8117
020 _a9780495503637 (pbk.)
020 _a0495503630 (pbk.)
050 0 0 _aP90.BAR 2009
100 1 _aBaran, Stanley J.
_eeditor
245 1 0 _aMass communication theory :
_bfoundations, ferment, and future /
_cStanley J. Baran, Dennis K. Davis.
250 _a5th ed.
264 _aLondon:
_bWadsworth.,
_c2009
300 _axxiv, 373 p. ;
500 _aIncludes bibliographical references (p. 349-363) and index.
504 _aIncludes bibliographical references (p. 349-363) and index.
650 0 _aMass media
_xPhilosophy.
700 1 _aDavis, Dennis K.
942 _2lcc
_cBK
_h90
_iBAR
_kP